000 00503nam a2200145Ia 4500
003 SGT
082 _a621.381
_bGUP
100 _aGupta,Navneet
245 _aElectronics engineering
260 _bDhanpat Rai & Co.
_aN. Delhi
_c2010
300 _a923p.
650 _aElectronics engineering
653 _aINTRODUCTION TO ELECTRONICS ENGINEERING,BASICS OF ELECTRONICS ENGINEERING,SEMICONDUCTOR DIODES,DIODE APPLICATIONS,BREAKDOWN DIODES,TRANSISTOR AS AN AMPLIFIER,FIELD EFFECT TRANSISTOR
942 _2ddc
_cBK
999 _c4953
_d4953